Normal view MARC view

Entry Nombre personal

Number of records used in: 5

001 - NÚMERO DE CONTROL

  • campo de control: 32158

003 - IDENTIFICADOR DE NÚMERO DE CONTROL

  • campo de control: OSt

005 - FECHA Y HORA DE LA ÚLTIMA TRANSACCIÓN

  • campo de control: 20250927102626.0

008 - ELEMENTOS DE DATO DE LONGITUD-FIJA

  • campo de control de longitud fija: 031028 n acnnnaaan n ann d

040 ## - FUENTE DE CATALOGACIÓN

  • Centro catalogador/agencia de origen: OSt
  • Centro/agencia transcriptor: OSt

100 1# - ENCABEZAMIENTO-NOMBRE DE PERSONA

  • Nombre de persona: Brunet, Pierre-Gustave,
  • Fechas asociadas al nombre: 1805-1896

400 1# - TRAZADO DE VÉASE--NOMBRE DE PERSONA

  • Nombre de persona: B., G. (
  • Fechas asociadas al nombre: 1805-1896)

400 1# - TRAZADO DE VÉASE--NOMBRE DE PERSONA

  • Nombre de persona: Bibliophile (
  • Fechas asociadas al nombre: 1805-1896)

400 1# - TRAZADO DE VÉASE--NOMBRE DE PERSONA

  • Nombre de persona: Brunet, G. (
  • Fechas asociadas al nombre: 1805-1896)

400 1# - TRAZADO DE VÉASE--NOMBRE DE PERSONA

  • Nombre de persona: Brunet, Gustave (
  • Fechas asociadas al nombre: 1805-1896)

400 1# - TRAZADO DE VÉASE--NOMBRE DE PERSONA

  • Nombre de persona: Brunet, Pierre (
  • Fechas asociadas al nombre: 1805-1896)

400 1# - TRAZADO DE VÉASE--NOMBRE DE PERSONA

  • Nombre de persona: Brunet, Pierre Gustave (
  • Fechas asociadas al nombre: 1805-1896)

400 1# - TRAZADO DE VÉASE--NOMBRE DE PERSONA

  • Nombre de persona: G. B. (
  • Fechas asociadas al nombre: 1805-1896)

400 1# - TRAZADO DE VÉASE--NOMBRE DE PERSONA

  • Nombre de persona: Philomneste, junior (
  • Fechas asociadas al nombre: 1805-1896)